000 00259nam a2200097Ia 4500
001 766401
005 20250826165340.0
008 250824s9999 xx 000 0 und d
245 0 _aDARAĞACINDA BİR BOZKURT
_cAHMET HALDUN TERZİOĞLU
260 _bPANAMA YAYINLARI
999 _c766401
_d766401